| 000 | 00338nam a22001337a 4500 | ||
|---|---|---|---|
| 020 | _qHB. | ||
| 040 | _cFIZZA ISHAQ | ||
| 082 |
_a621.382 _bMAR |
||
| 100 |
_aPLUMBLEY,D.MARK. _990801 |
||
| 245 |
_aCOMPUTER ANALYSIS OF SOUND SCENES AND EVENTS / _cMARK D.PLUMBLEY. |
||
| 260 |
_aSPRINGER ; _c2018. |
||
| 300 | _a422 P. ; | ||
| 942 |
_2ddc _cBK |
||
| 999 |
_c589028 _d589028 |
||